Score 0/18 Timer 05:00
4 Plays Today
% Correct
Lego
99%
Los Angeles Lakers
94.5%
Lipton
92.1%
LG
91.1%
Levi's
91%
Lay's
89.5%
LinkedIn
82.5%
Lacoste
82.1%
Lowe's
73.2%
% Correct
Louis Vuitton
66%
Lamborghini
60.9%
Liberty Mutual/Liberty Seguros
60.3%
Liverpool
55.7%
Lufthansa
46.9%
Logitech
46.8%
Lions Clubs International
34.9%
Linux
31.8%
Lidl
25.9%

You're not logged in!

Compare scores with friends on all Sporcle quizzes.
OR
Log In

Sporcle TV

Today on Sporcle TV


Watch our educational content, quiz creation guides, and fun videos on Sporcle TV.

Show Comments

Extras

Top Quizzes Today


Score Distribution

Paid Content

Your Account Isn't Verified!

In order to create a playlist on Sporcle, you need to verify the email address you used during registration. Go to your Sporcle Settings to finish the process.

Report this User

Report this user for behavior that violates our Community Guidelines.

Details: